000 00847nam a2200241 a 4500
008 960412s1996 xo ra 0 slo c
020 _a8085597403
_c30
040 _aSNK
_bslo
_cSNK
_eAACR2
041 1 _aslo
_hfre
044 _axo
_cSK
080 _a840-3
100 1 _aThiery, Alain
_4aut
245 1 0 _aDoktor Tillac
_cAlain Thiery ; [z francúzskeho originálu preložila Viera Gründlerová]
260 _aBratislava
_bS AKTUELL
_cc1996
300 _a315 s.
_c22 cm
500 _aÚdaj o prekl. prevzatý z rubu tit. strany
650 0 7 _aliteratúra francúzska
_xromány profesijné
_xthrillery
_2SNK
650 0 7 _athrillery
_xliteratúra francúzska
_2SNK
650 0 7 _aromány profesijné
_xliteratúra francúzska
_2SNK
700 1 _aGründlerová, Viera
_4trl
765 0 _tL'etrange destin du docteur Tillac
_aThiery, Alain
958 _aAUL
999 _c7936
_d7936